Star Wars Movies & Shows - Sudden Death - Statistics

General Stats
  • This quiz has been taken 3,062 times
    1,062 since last reset
  • The average score is 16 of 19
Answers on the Grid
Answers color-coded by a green-red scale on the quiz's grid according to % correct below.
A New Hope
Ahsoka
Andor
Attack of the Clones
Discovery
First Contact
Insurrection
Lando
Nemesis
Next Generation
Obi-Wan Kenobi
Rebels
Return of the Jedi
Revenge of the Sith
Rogue One
Solo
Starkiller
Strange New Worlds
The Bad Batch
The Book of Boba Fett
The Clone Wars
The Empire Strikes Back
The Force Awakens
The Last Jedi
The Mandalorian
The Phantom Menace
The Rise of Skywalker
Voyager
 
Answer Stats
Answer % Correct
A New Hope
97%
Attack of the Clones
95%
Ahsoka
89%
Andor
88%
Return of the Jedi
87%
Revenge of the Sith
87%
The Empire Strikes Back
86%
Rogue One
85%
The Clone Wars
85%
The Force Awakens
85%
The Last Jedi
85%
The Mandalorian
85%
Solo
84%
The Phantom Menace
84%
The Rise of Skywalker
84%
Obi-Wan Kenobi
79%
Rebels
75%
The Book of Boba Fett
75%
The Bad Batch
69%
No matching quizzes found
Score Distribution
Percent of People with Each Score
Percentile by Number Answered
Your Score History
You have not taken this quiz since the last reset